Países Europeos que terminan en "IA" - Estadísticas

Estadísticas generales
  • Esta prueba ha sido intentada 477 veces
  • La puntuación promedio es 21 de 24
Estadísticas de respuestas
País % Correcto
Alemania
96%
Eslovenia
93%
Estonia
93%
Francia
93%
Finlandia
92%
Letonia
92%
Lituania
92%
Albania
91%
Rusia
91%
Eslovaquia
90%
Italia
90%
Rumania
90%
Bulgaria
88%
Grecia
88%
Islandia
88%
Suecia
88%
Austria
87%
Polonia
87%
Croacia
86%
Hungría
86%
Serbia
82%
Ucrania
82%
Bielorrusia
81%
Moldavia
76%
No se encontraron pruebas coincidentes
Distribución de puntuación
Porcentaje de gente con cada puntuación
Porcentaje por número respondido
Historial de tus puntuaciones
No has intentado esta prueba.